| 000 | 00723nam a2200229Ia 4500 | ||
|---|---|---|---|
| 003 | GCL | ||
| 008 | 140319s9999 xx 000 0 ara d | ||
| 040 |
_aGCL / _cGCL |
||
| 082 | 0 | 4 |
_a389.12 _bش ا |
| 100 | 1 | _aشاكر عبدالحميد | |
| 245 | 1 | 0 |
_aالاسطورة والمعنى / _cشاكر عبدالحميد |
| 700 | 1 | _aليفى شتراوس، كلود | |
| 700 | 1 | _aعزيز حمزة (مراجعة) | |
| 300 | _a78 ص | ||
| 490 |
_aسلسلة المائة كتاب _v0 |
||
| 650 | 0 | 4 | _aالبنيوية |
| 650 | 0 | 4 | _aالانثربولوجيا الاجتماعية |
| 650 | 0 | 4 | _aليفىشتراوس |
| 650 | 0 | 4 | _aالاسطورة |
| 650 | 0 | 4 | _aاللغة الاجتماعى, علم |
| 942 |
_2ddc _cBK |
||
| 999 |
_c37708 _d37708 |
||